000 02003cam a2200409Li 4500
001 73623
005 20230410132633.0
008 071122r19961964nyua 000 0aeng d
020 _a068482499X (br)
020 _a9780684824994 (br)
029 0 _aZWZ
_b119446243
035 _a(OCoLC)ocn494274073
035 _a(OCoLC)494274073
040 _aZWZ
_encafnor
_bfre
_cZWZ
_dOCLCQ
050 1 4 _aPS 3515
_bH488m 1996
082 0 0 _a818.5
049 _aGRAL
100 1 _aHemingway, Ernest,
_d1899-1961
245 1 2 _aA moveable feast /
_cErnest Hemingway.
250 _a1st Touchstone ed.
260 _aNew York :
_bSimon & Schuster,
_c1996.
300 _a1 vol. (211 p.) :
_bill. ;
_c22 cm.
500 _a"A Touchstone book."
500 _aPremiere publication : New York, Scribner, 1964.
520 _aPublished posthumously in 1964, A Moveable Feast remains one of Ernest Hemingway's most beloved works. It is his classic memoir of Paris in the 1920s, filled with irreverent portraits of other expatriate luminaries such as F. Scott Fitzgerald and Gertrude Stein; tender memories of his first wife, Hadley; and insightful recollections of his own early experiments with his craft. It is a literary feast, brilliantly evoking the exuberant mood of Paris after World War I and the youthful spirit, unbridled creativity, and unquenchable enthusiasm that Hemingway himself epitomized.
650 0 _aHemingway, Ernest, 1899-1961
_xHomes and haunts
_zFrance
_zParis (France).
650 0 _aNovelists, American
_y20th century
_xBiography.
600 1 4 _aHemingway, Ernest, 1899-1961
_xCasas y residencias
_zFrancia
_zParís (Francia).
650 4 _aNovelistas estadounidenses
_ySiglo XX
_xBiografía.
650 4 _aPrimera Jornada de Catalogacion.
600 1 4 _aHemingway, Ernest,
_d1898-1961
_vColecciones de escritos.
650 4 _aEnsayos estadounidenses.
651 4 _aParís (Francia)
_xVida social y costumbres
_ySiglo XX.
942 _2lcc
_cbk
946 _amjcruz / ih
994 _aC0
_bDRFGD
999 _c85086
_d85086